[Event "CZE Extraliga 2019-20"]
[Site "Czech Republic"]
[Date "2019.10.13"]
[Round "2.5"]
[White "Rubes, Jan"]
[Black "Pechac, Jergus"]
[Result "1/2-1/2"]
[WhiteElo "2363"]
[BlackElo "2489"]
[Annotator "ChessBase"]
[PlyCount "95"]
[EventDate "2019.09.15"]
[EventType "team-tourn"]
[EventCountry "CZE"]
[SourceTitle "playchess.com"]
[Source "ChessBase"]
[SourceQuality "1"]
[WhiteTeam "Slavia Kromerí\[#\]"]
[BlackTeam "GASCO Pardubice"]
[TimeControl "40/5400+30:1800+30"]

1. d4 {[%emt 0:00:00]} d5 {[%emt 0:00:00]} 2. Bf4 {[%emt 0:00:00]} c5 {[%emt 0:00:10]} 3. e3 {[%emt 0:00:07]} Nc6 {[%emt 0:00:53]} 4. c3 {[%emt 0:00:10]} cxd4 {[%emt 0:00:37]} 5. exd4 {[%emt 0:00:11]} Bf5 {[%emt 0:00:20]} 6. Nf3 {[%emt 0:03:02]} e6 {[%emt 0:01:30]} 7. Nbd2 {[%emt 0:03:52]} Bd6 {[%emt 0:01:05]} 8. Bxd6 {[%emt 0:03:12]} Qxd6 {[%emt 0:00:07]} 9. Be2 {[%emt 0:00:10]} h6 {[%emt 0:00:38]} 10. O-O {[%emt 0:03:26]} Nf6 {[%emt 0:00:10]} 11. Re1 {[%emt 0:06:07]} O-O {[%emt 0:00:13]} 12. Bb5 {[%emt 0:05:54]} Nd7 {[%emt 0:02:11]} 13. Nf1 {[%emt 0:01:45]} Rab8 {[%emt 0:02:34]} 14. Bd3 {[%emt 0:08:03]} Bxd3 {[%emt 0:00:57]} 15. Qxd3 {[%emt 0:00:05]} Na5 {[%emt 0:03:36]} 16. N1d2 {[%emt 0:02:35]} Rfc8 {[%emt 0:00:38]} 17. Re2 {[%emt 0:11:28]} Qc6 {[%emt 0:06:00]} 18. a4 {[%emt 0:06:49]} Qb6 {[%emt 0:04:14]} 19. Qb5 {[%emt 0:07:27]} Qc7 {[%emt 0:01:10]} 20. g3 {[%emt 0:02:31]} a6 {[%emt 0:03:29]} 21. Qd3 {[%emt 0:00:21]} Qb6 {[%emt 0:00:39]} 22. b4 {[%emt 0:03:54]} Nc4 {[%emt 0:00:16]} 23. Nxc4 {[%emt 0:04:57]} Rxc4 {[%emt 0:00:09]} 24. Nd2 {[%emt 0:00:07]} Rcc8 {[%emt 0:04:28]} 25. a5 {[%emt 0:00:18]} Qc6 {[%emt 0:02:00]} 26. Re3 {[%emt 0:00:39]} b6 {[%emt 0:14:41]} 27. axb6 {[%emt 0:01:07]} Rxb6 {[%emt 0:00:12]} 28. Nb3 {[%emt 0:02:13]} Rb5 {[%emt 0:00:18]} 29. f4 {[%emt 0:04:24]} g6 {[%emt 0:02:03]} 30. g4 {[%emt 0:02:04]} Kg7 {[%emt 0:05:16]} 31. f5 {[%emt 0:02:06]} exf5 {[%emt 0:00:38]} 32. gxf5 {[%emt 0:00:05]} g5 {[%emt 0:00:15]} 33. f6+ {[%emt 0:07:39]} Qxf6 {[%emt 0:08:28]} 34. Rf1 {[%emt 0:01:38]} Qg6 {[%emt 0:00:34]} 35. Qe2 {[%emt 0:02:20]} Nf6 {[%emt 0:00:09]} 36. Nc5 {[%emt 0:01:50]} Ne4 {[%emt 0:00:20]} 37. Ref3 {[%emt 0:00:29]} Rc7 {[%emt 0:16:32]} 38. Rf5 {[%emt 0:00:20]} Qd6 {[%emt 0:09:36]} 39. c4 {[%emt 0:02:11]} Rxb4 {[%emt 0:00:47]} 40. Qf3 {[%emt 0:03:38]} Qg6 {[%emt 0:10:05]} 41. Nxe4 {[%emt 0:21:12]} dxe4 {[%emt 0:00:09]} 42. Qxe4 {[%emt 0:00:06]} Rbxc4 {[%emt 0:08:38]} 43. Qe5+ {[%emt 0:00:49]} Kh7 {[%emt 0:02:19]} 44. Rf6 {[%emt 0:00:53]} Qh5 {[%emt 0:00:30]} 45. Qe4+ {[%emt 0:01:38]} Kg8 {[%emt 0:09:29]} 46. Qe8+ {[%emt 0:00:08]} Kg7 {[%emt 0:00:04]} 47. Qe5 {[%emt 0:00:14]} Kh7 {[%emt 0:08:42]} 48. Qe4+ {[%emt 0:00:05]} 1/2-1/2

[Event "CZE Extraliga 2019-20"]
[Site "Czech Republic"]
[Date "2019.10.13"]
[Round "2.6"]
[White "Petr, Martin"]
[Black "Konopka, Michal"]
[Result "1/2-1/2"]
[WhiteElo "2460"]
[BlackElo "2351"]
[Annotator "ChessBase"]
[PlyCount "75"]
[EventDate "2019.09.15"]
[EventType "team-tourn"]
[EventCountry "CZE"]
[SourceTitle "playchess.com"]
[Source "ChessBase"]
[SourceQuality "1"]
[WhiteTeam "GASCO Pardubice"]
[BlackTeam "Slavia Kromerí\[#\] "]
[TimeControl "40/5400+30:1800+30"]

1. e4 {[%emt 0:00:00]} d5 {[%emt 0:00:00]} 2. exd5 {[%emt 0:00:00]} Qxd5 {[%emt 0:00:03]} 3. Nc3 {[%emt 0:00:00]} Qa5 {[%emt 0:00:56]} 4. d4 {[%emt 0:00:13]} Nf6 {[%emt 0:00:13]} 5. Nf3 {[%emt 0:00:17]} Bf5 {[%emt 0:00:21]} 6. Ne5 {[%emt 0:03:26]} c6 {[%emt 0:07:40]} 7. Bc4 {[%emt 0:00:25]} e6 {[%emt 0:00:13]} 8. g4 {[%emt 0:00:04]} Bg6 {[%emt 0:02:34]} 9. h4 {[%emt 0:03:29]} Nbd7 {[%emt 0:08:12]} 10. Nxd7 {[%emt 0:01:17]} Kxd7 {[%emt 0:06:20]} 11. h5 {[%emt 0:14:07]} Be4 {[%emt 0:01:23]} 12. O-O {[%emt 0:00:14]} Bd5 {[%emt 0:02:01]} 13. Nxd5 {[%emt 0:00:44]} cxd5 {[%emt 0:09:49]} 14. Bd3 {[%emt 0:00:15]} h6 {[%emt 0:00:51]} 15. c4 {[%emt 0:10:32]} dxc4 {[%emt 0:05:58]} 16. Bxc4 {[%emt 0:00:19]} Rc8 {[%emt 0:01:37]} 17. Bb3 {[%emt 0:02:54]} Bd6 {[%emt 0:01:33]} 18. Qf3 {[%emt 0:09:01]} Kc7 {[%emt 0:14:19]} 19. Bf4 {[%emt 0:03:41]} Qb6 {[%emt 0:04:53]} 20. Be5 {[%emt 0:05:30]} Kb8 {[%emt 0:01:04]} 21. Rac1 {[%emt 0:00:22]} Rxc1 {[%emt 0:07:39]} 22. Rxc1 {[%emt 0:00:10]} Bxe5 {[%emt 0:00:17]} 23. dxe5 {[%emt 0:00:14]} Nd7 {[%emt 0:00:05]} 24. Re1 {[%emt 0:07:22]} Rf8 {[%emt 0:06:50]} 25. Qe3 {[%emt 0:05:27]} Qxe3 {[%emt 0:06:48]} 26. Rxe3 {[%emt 0:00:08]} Nc5 {[%emt 0:00:15]} 27. Kg2 {[%emt 0:05:45]} Rd8 {[%emt 0:01:03]} 28. Rf3 {[%emt 0:05:02]} Nxb3 {[%emt 0:03:28]} 29. Rxb3 {[%emt 0:01:04]} Rd2 {[%emt 0:02:00]} 30. Rf3 {[%emt 0:03:00]} Rd7 {[%emt 0:00:11]} 31. Kg3 {[%emt 0:03:26]} Kc7 {[%emt 0:00:08]} 32. a4 {[%emt 0:02:36]} Kd8 {[%emt 0:00:15]} 33. Rc3 {[%emt 0:00:22]} Rd4 {[%emt 0:01:16]} 34. Rf3 {[%emt 0:02:01]} Ke7 {[%emt 0:01:29]} 35. Rf4 {[%emt 0:00:32]} Rd3+ {[%emt 0:00:34]} 36. Rf3 {[%emt 0:00:05]} Rd4 {[%emt 0:00:12]} 37. Rf4 {[%emt 0:01:10]} Rd3+ {[%emt 0:00:08]} 38. Rf3 {[%emt 0:00:23]} 1/2-1/2

[Event "CZE Extraliga 2019-20"]
[Site "Czech Republic"]
[Date "2019.10.13"]
[Round "2.6"]
[White "Vlasak, Lukas"]
[Black "Jasny, Stanislav"]
[Result "1-0"]
[WhiteElo "2423"]
[BlackElo "2326"]
[Annotator "NA"]
[PlyCount "71"]
[EventDate "2019.09.15"]
[EventType "team-tourn"]
[EventCountry "CZE"]
[SourceTitle "playchess.com"]
[Source "ChessBase"]
[SourceQuality "1"]
[WhiteTeam " ŠK Zikuda Turnov"]
[BlackTeam "BŠŠ Frýdek-Místek"]
[TimeControl "40/5400+30:1800+30"]

1. e4 {[%emt 0:00:00]} g6 {[%emt 0:00:40]} 2. d4 {[%emt 0:00:00]} d6 {[%emt 0:00:06]} 3. Bc4 {[%emt 0:05:04]} Nf6 {[%emt 0:04:28]} 4. Qe2 {[%emt 0:00:46]} Bg7 {[%emt 0:03:18]} 5. Nf3 {[%emt 0:00:16]} O-O {[%emt 0:04:57]} 6. e5 {[%emt 0:00:23]} dxe5 {[%emt 0:00:40]} 7. dxe5 {[%emt 0:00:11]} Nd5 {[%emt 0:00:28]} 8. h3 {[%emt 0:00:58]} c6 {[%emt 0:00:54]} 9. O-O {[%emt 0:01:40]} b5 {[%emt 0:23:04]} 10. Bb3 {[%emt 0:07:09]} Na6 {[%emt 0:02:35]} 11. c4 {[%emt 0:02:17]} bxc4 {[%emt 0:00:48]} 12. Bxc4 {[%emt 0:00:08]} Qb6 {[%emt 0:01:28]} 13. Nc3 {[%emt 0:06:44]} Nxc3 {[%emt 0:05:21]} 14. bxc3 {[%emt 0:00:10]} Nc7 {[%emt 0:00:05]} 15. Be3 {[%emt 0:24:42]} Qa5 {[%emt 0:03:28]} 16. Nd4 {[%emt 0:01:21]} Qxe5 {[%emt 0:02:28]} 17. Nxc6 {[%emt 0:05:12]} Qe4 {[%emt 0:02:26]} 18. Nxa7 {[%emt 0:04:49]} Be6 {[%emt 0:09:48]} 19. Bd3 {[%emt 0:07:54]} Qa4 {[%emt 0:01:42]} 20. Nb5 {[%emt 0:01:06]} Nxb5 {[%emt 0:04:56]} 21. Bxb5 {[%emt 0:00:10]} Qe4 {[%emt 0:00:51]} 22. Bd3 {[%emt 0:03:15]} Qe5 {[%emt 0:03:53]} 23. a4 {[%emt 0:01:50]} Qxc3 {[%emt 0:00:24]} 24. Rac1 {[%emt 0:00:26]} Qf6 {[%emt 0:10:44]} 25. Bb5 {[%emt 0:04:24]} Bb3 {[%emt 0:01:28]} 26. Bc5 {[%emt 0:01:19]} Rfc8 {[%emt 0:05:22]} 27. Bxe7 {[%emt 0:06:14]} Qf4 {[%emt 0:00:07]} 28. Rxc8+ {[%emt 0:02:41]} Rxc8 {[%emt 0:00:04]} 29. Qg4 {[%emt 0:01:19]} Qxg4 {[%emt 0:00:33]} 30. hxg4 {[%emt 0:00:01]} Bd4 {[%emt 0:02:57]} 31. Rb1 {[%emt 0:05:53]} Bc2 {[%emt 0:01:19]} 32. Rc1 {[%emt 0:00:39]} Kg7 {[%emt 0:00:36]} 33. g5 {[%emt 0:02:13]} Bb2 {[%emt 0:01:30]} 34. Bf6+ {[%emt 0:00:14]} Bxf6 {[%emt 0:00:25]} 35. gxf6+ {[%emt 0:00:05]} Kxf6 {[%emt 0:00:08]} 36. Bd3 {[%emt 0:00:07]} 1-0

[Event "CZE Extraliga 2019-20"]
[Site "Czech Republic"]
[Date "2019.10.13"]
[Round "2.6"]
[White "Chytilek, Roman"]
[Black "Voloshin, Leonid"]
[Result "1/2-1/2"]
[WhiteElo "2330"]
[BlackElo "2361"]
[Annotator "NA"]
[PlyCount "37"]
[EventDate "2019.09.15"]
[EventType "team-tourn"]
[EventCountry "CZE"]
[SourceTitle "playchess.com"]
[Source "ChessBase"]
[SourceQuality "1"]
[WhiteTeam "ŠK Duras BVK"]
[BlackTeam "ŠK Dopravní podnik Praha "]
[TimeControl "40/5400+30:1800+30"]

1. d4 {[%emt 0:00:00]} Nf6 2. Nf3 {[%emt 0:00:30]} e6 {[%emt 0:00:51]} 3. g3 b5 {[%emt 0:04:57]} 4. Bg2 {[%emt 0:05:29]} Bb7 {[%emt 0:03:15]} 5. c3 {[%emt 0:00:09]} c5 {[%emt 0:00:34]} 6. O-O {[%emt 0:04:14]} Be7 {[%emt 0:02:18]} 7. dxc5 {[%emt 0:09:06]} Bxc5 {[%emt 0:00:39]} 8. b4 {[%emt 0:00:18]} Be7 {[%emt 0:06:13]} 9. a4 {[%emt 0:00:43]} bxa4 {[%emt 0:01:06]} 10. Qxa4 {[%emt 0:00:47]} a5 {[%emt 0:20:33]} 11. b5 {[%emt 0:08:52]} d5 {[%emt 0:16:16]} 12. Nd4 {[%emt 0:29:42]} O-O {[%emt 0:02:16]} 13. Ba3 {[%emt 0:14:44]} Nbd7 {[%emt 0:06:21]} 14. Nd2 {[%emt 0:00:29]} Nb6 {[%emt 0:02:11]} 15. Qb3 {[%emt 0:01:20]} a4 {[%emt 0:04:43]} 16. Qb2 {[%emt 0:00:33]} Bxa3 {[%emt 0:00:26]} 17. Qxa3 {[%emt 0:00:37]} Qc7 {[%emt 0:00:22]} 18. Rfc1 {[%emt 0:02:02]} Rfc8 {[%emt 0:01:19]} 19. e3 {[%emt 0:07:21]} 1/2-1/2

[Event "CZE Extraliga 2019-20"]
[Site "Czech Republic"]
[Date "2019.10.13"]
[Round "2.6"]
[White "Obsivac, Josef"]
[Black "Jurcik, Marian"]
[Result "1/2-1/2"]
[WhiteElo "2285"]
[BlackElo "2486"]
[Annotator "ChessBase"]
[PlyCount "45"]
[EventDate "2019.09.15"]
[EventType "team-tourn"]
[EventCountry "CZE"]
[SourceTitle "playchess.com"]
[Source "ChessBase"]
[SourceQuality "1"]
[WhiteTeam " Moravská Slavia Brno"]
[BlackTeam "Siesta Solution Unichess"]
[TimeControl "40/5400+30:1800+30"]

1. d4 {[%emt 0:00:00]} d5 {[%emt 0:00:11]} 2. c4 {[%emt 0:00:00]} dxc4 {[%emt 0:00:51]} 3. Nf3 {[%emt 0:00:05]} Nf6 {[%emt 0:00:48]} 4. e3 {[%emt 0:00:18]} e6 {[%emt 0:01:25]} 5. Bxc4 {[%emt 0:00:13]} a6 {[%emt 0:00:41]} 6. O-O {[%emt 0:01:41]} b5 {[%emt 0:03:17]} 7. Bd3 {[%emt 0:02:10]} Bb7 {[%emt 0:04:44]} 8. Qe2 {[%emt 0:02:34]} c5 {[%emt 0:03:02]} 9. dxc5 {[%emt 0:02:27]} b4 {[%emt 0:26:28]} 10. Rd1 {[%emt 0:08:04]} Qc7 {[%emt 0:03:31]} 11. Nbd2 {[%emt 0:03:21]} Bxc5 {[%emt 0:04:20]} 12. Nb3 {[%emt 0:04:00]} Bd6 {[%emt 0:07:34]} 13. e4 {[%emt 0:06:52]} Nbd7 {[%emt 0:01:50]} 14. Bg5 {[%emt 0:02:35]} Bf4 {[%emt 0:12:53]} 15. Bxf4 {[%emt 0:16:28]} Qxf4 {[%emt 0:00:03]} 16. Rac1 {[%emt 0:05:54]} Bxe4 {[%emt 0:04:18]} 17. Bxe4 {[%emt 0:04:57]} Qxe4 {[%emt 0:00:06]} 18. Qxe4 {[%emt 0:01:11]} Nxe4 {[%emt 0:00:01]} 19. Rd4 {[%emt 0:04:02]} Nef6 {[%emt 0:02:39]} 20. Rxb4 {[%emt 0:00:14]} Ke7 {[%emt 0:02:12]} 21. Rb7 {[%emt 0:02:04]} Rhc8 {[%emt 0:05:17]} 22. Rxc8 {[%emt 0:05:04]} Rxc8 {[%emt 0:00:01]} 23. Nfd4 {[%emt 0:01:27]} 1/2-1/2

[Event "CZE Extraliga 2019-20"]
[Site "Czech Republic"]
[Date "2019.10.13"]
[Round "2.7"]
[White "Kourousis, Epaminondas"]
[Black "Vyskocil, Neklan"]
[Result "1-0"]
[WhiteElo "2389"]
[BlackElo "2295"]
[Annotator "NA"]
[PlyCount "75"]
[EventDate "2019.09.15"]
[EventType "team-tourn"]
[EventCountry "CZE"]
[SourceTitle "playchess.com"]
[Source "ChessBase"]
[SourceQuality "1"]
[WhiteTeam "ŠK Dopravní podnik Praha "]
[BlackTeam "ŠK Duras BVK"]
[TimeControl "40/5400+30:1800+30"]

1. Nf3 {[%emt 0:00:00]} f5 {[%emt 0:00:00]} 2. g3 {[%emt 0:04:50]} Nf6 {[%emt 0:00:36]} 3. Bg2 {[%emt 0:00:28]} g6 {[%emt 0:00:12]} 4. O-O {[%emt 0:02:14]} d6 {[%emt 0:00:46]} 5. d4 {[%emt 0:00:10]} Bg7 {[%emt 0:00:17]} 6. b3 {[%emt 0:01:12]} O-O {[%emt 0:00:11]} 7. Bb2 {[%emt 0:00:05]} c6 {[%emt 0:00:46]} 8. c4 {[%emt 0:02:43]} Qc7 {[%emt 0:03:13]} 9. Qc2 {[%emt 0:15:24]} Na6 {[%emt 0:06:31]} 10. a3 {[%emt 0:01:26]} Bd7 {[%emt 0:04:38]} 11. Nbd2 {[%emt 0:03:36]} Rae8 {[%emt 0:03:11]} 12. e4 {[%emt 0:19:10]} e5 {[%emt 0:02:45]} 13. c5 {[%emt 0:04:46]} dxc5 {[%emt 0:20:01]} 14. dxc5 {[%emt 0:12:35]} fxe4 {[%emt 0:09:51]} 15. Ng5 {[%emt 0:03:51]} Bf5 {[%emt 0:03:45]} 16. Ngxe4 {[%emt 0:00:41]} Nxe4 {[%emt 0:01:38]} 17. Nxe4 {[%emt 0:00:32]} Qf7 {[%emt 0:02:11]} 18. b4 {[%emt 0:03:57]} Nc7 {[%emt 0:02:11]} 19. a4 {[%emt 0:01:52]} Ne6 {[%emt 0:08:07]} 20. Qc4 {[%emt 0:01:44]} Bxe4 {[%emt 0:00:08]} 21. Bxe4 {[%emt 0:00:19]} Ng5 {[%emt 0:03:53]} 22. Qxf7+ {[%emt 0:00:12]} Rxf7 {[%emt 0:00:46]} 23. Rae1 {[%emt 0:03:14]} Nf3+ {[%emt 0:02:07]} 24. Bxf3 {[%emt 0:00:07]} Rxf3 {[%emt 0:00:05]} 25. Re4 {[%emt 0:01:44]} Rb3 {[%emt 0:01:38]} 26. Ba1 {[%emt 0:00:16]} Rd8 {[%emt 0:02:06]} 27. Rfe1 {[%emt 0:02:33]} Rd7 {[%emt 0:02:00]} 28. Kg2 {[%emt 0:00:45]} Kf7 {[%emt 0:02:10]} 29. f4 {[%emt 0:08:01]} Rd2+ {[%emt 0:02:05]} 30. Kh3 {[%emt 0:00:05]} Rd7 {[%emt 0:16:00]} 31. Bxe5 {[%emt 0:02:37]} Bxe5 {[%emt 0:00:19]} 32. fxe5 {[%emt 0:00:02]} Ke6 {[%emt 0:00:20]} 33. Rf4 {[%emt 0:00:58]} Rf7 {[%emt 0:01:13]} 34. Rd4 {[%emt 0:01:31]} Rbf3 {[%emt 0:00:40]} 35. Rd6+ {[%emt 0:00:26]} Kf5 {[%emt 0:00:33]} 36. Kg2 Kg4 {[%emt 0:00:36]} 37. Rd4+ {[%emt 0:02:38]} Kh5 {[%emt 0:00:21]} 38. e6 {[%emt 0:00:12]} 1-0

[Event "CZE Extraliga 2019-20"]
[Site "Czech Republic"]
[Date "2019.10.13"]
[Round "2.7"]
[White "Vavra, Pavel"]
[Black "Vymazal, Bronislav"]
[Result "0-1"]
[WhiteElo "2342"]
[BlackElo "2347"]
[Annotator "NA"]
[PlyCount "70"]
[EventDate "2019.09.15"]
[EventType "team-tourn"]
[EventCountry "CZE"]
[SourceTitle "playchess.com"]
[Source "ChessBase"]
[SourceQuality "1"]
[WhiteTeam "Siesta Solution Unichess "]
[BlackTeam "Moravská Slavia Brno"]
[TimeControl "40/5400+30:1800+30"]

1. d4 {[%emt 0:00:00]} f5 {[%emt 0:00:00]} 2. Bg5 {[%emt 0:00:00]} h6 {[%emt 0:00:00]} 3. Bc1 {[%emt 0:00:15]} Nf6 {[%emt 0:00:00]} 4. g3 {[%emt 0:00:09]} d5 {[%emt 0:12:27]} 5. Bg2 {[%emt 0:08:04]} e6 {[%emt 0:00:31]} 6. Nh3 {[%emt 0:07:50]} Bd6 {[%emt 0:08:01]} 7. O-O {[%emt 0:04:04]} O-O {[%emt 0:01:08]} 8. b3 {[%emt 0:02:46]} b6 {[%emt 0:12:56]} 9. a4 {[%emt 0:02:07]} a5 {[%emt 0:01:40]} 10. c4 {[%emt 0:02:26]} c6 {[%emt 0:00:18]} 11. Ba3 {[%emt 0:01:04]} Na6 {[%emt 0:00:19]} 12. Nf4 {[%emt 0:11:52]} Nb4 {[%emt 0:03:12]} 13. Nd2 {[%emt 0:00:12]} Re8 {[%emt 0:04:51]} 14. Nf3 {[%emt 0:02:57]} Bb7 {[%emt 0:06:04]} 15. Nd3 {[%emt 0:21:45]} dxc4 {[%emt 0:20:19]} 16. bxc4 {[%emt 0:01:10]} c5 {[%emt 0:00:09]} 17. e3 {[%emt 0:01:54]} Qc7 {[%emt 0:01:12]} 18. Nde5 {[%emt 0:04:06]} Rad8 {[%emt 0:01:27]} 19. Qb3 {[%emt 0:02:05]} Bxe5 {[%emt 0:03:43]} 20. Nxe5 {[%emt 0:03:09]} Bxg2 {[%emt 0:00:19]} 21. Kxg2 {[%emt 0:00:06]} cxd4 {[%emt 0:00:14]} 22. Nf3 {[%emt 0:07:47]} dxe3 {[%emt 0:03:01]} 23. Bxb4 {[%emt 0:00:24]} axb4 {[%emt 0:00:18]} 24. Qxe3 {[%emt 0:02:27]} Qxc4 {[%emt 0:05:16]} 25. Qxb6 {[%emt 0:00:29]} Rd3 {[%emt 0:00:55]} 26. Rfe1 {[%emt 0:03:47]} Qd5 {[%emt 0:07:36]} 27. Re3 {[%emt 0:00:24]} Rxe3 {[%emt 0:00:22]} 28. Qxe3 {[%emt 0:00:11]} b3 {[%emt 0:00:19]} 29. Rb1 {[%emt 0:03:01]} Rb8 {[%emt 0:00:44]} 30. a5 {[%emt 0:01:40]} Ne4 {[%emt 0:05:44]} 31. Qd4 {[%emt 0:02:21]} Qxa5 {[%emt 0:00:32]} 32. Ne5 {[%emt 0:00:37]} Rd8 {[%emt 0:00:44]} 33. Nd7 {[%emt 0:01:54]} Qc7 {[%emt 0:00:53]} 34. Rd1 {[%emt 0:00:04]} Kh8 {[%emt 0:00:33]} 35. Qa4 {[%emt 0:00:51]} Nc3 {[%emt 0:00:23]} 0-1

[Event "CZE Extraliga 2019-20"]
[Site "Czech Republic"]
[Date "2019.10.13"]
[Round "2.7"]
[White "Rabatin, Jakub"]
[Black "Studnicka, Tomas"]
[Result "1/2-1/2"]
[WhiteElo "2303"]
[BlackElo "2341"]
[Annotator "NA"]
[PlyCount "98"]
[EventDate "2019.09.15"]
[EventType "team-tourn"]
[EventCountry "CZE"]
[SourceTitle "playchess.com"]
[Source "ChessBase"]
[SourceQuality "1"]
[WhiteTeam "BŠŠ Frýdek-Místek "]
[BlackTeam "ŠK Zikuda Turnov"]
[TimeControl "40/5400+30:1800+30"]

1. e4 {[%emt 0:00:00]} c5 {[%emt 0:00:00]} 2. Nf3 {[%emt 0:00:02]} Nc6 {[%emt 0:00:00]} 3. d4 {[%emt 0:00:12]} cxd4 {[%emt 0:00:00]} 4. Nxd4 {[%emt 0:00:09]} g6 {[%emt 0:00:00]} 5. Nc3 {[%emt 0:00:09]} Bg7 {[%emt 0:00:00]} 6. Be3 {[%emt 0:00:08]} Nf6 {[%emt 0:00:00]} 7. Bc4 {[%emt 0:00:13]} Qa5 {[%emt 0:00:00]} 8. O-O {[%emt 0:00:21]} d6 {[%emt 0:00:58]} 9. h3 {[%emt 0:07:01]} O-O {[%emt 0:00:08]} 10. Bb3 {[%emt 0:00:10]} Qh5 {[%emt 0:04:19]} 11. f4 {[%emt 0:00:59]} Bd7 {[%emt 0:08:23]} 12. Qf3 {[%emt 0:32:43]} a6 {[%emt 0:18:26]} 13. Rae1 {[%emt 0:09:32]} Rad8 {[%emt 0:07:04]} 14. Nxc6 {[%emt 0:10:12]} Bxc6 {[%emt 0:07:12]} 15. g4 {[%emt 0:05:57]} Qa5 {[%emt 0:01:26]} 16. Nd5 {[%emt 0:00:50]} Nxd5 {[%emt 0:02:40]} 17. exd5 {[%emt 0:00:08]} Ba4 {[%emt 0:02:45]} 18. c3 {[%emt 0:05:23]} Bxb3 {[%emt 0:00:53]} 19. axb3 {[%emt 0:00:06]} Qb5 {[%emt 0:00:49]} 20. Bc1 {[%emt 0:09:35]} Rde8 {[%emt 0:05:39]} 21. b4 {[%emt 0:04:29]} e6 {[%emt 0:00:40]} 22. dxe6 {[%emt 0:05:53]} fxe6 {[%emt 0:00:06]} 23. Qe2 {[%emt 0:01:42]} Qc6 {[%emt 0:02:09]} 24. Qg2 {[%emt 0:00:25]} d5 {[%emt 0:03:05]} 25. Be3 {[%emt 0:00:14]} Qc4 {[%emt 0:00:08]} 26. Rd1 {[%emt 0:01:49]} Rf7 {[%emt 0:00:15]} 27. Bd4 {[%emt 0:01:00]} Ref8 {[%emt 0:01:39]} 28. Bc5 {[%emt 0:00:11]} Re8 {[%emt 0:08:46]} 29. Bd4 {[%emt 0:00:47]} Bxd4+ {[%emt 0:01:09]} 30. Rxd4 {[%emt 0:00:04]} Qc7 {[%emt 0:00:07]} 31. Qe2 {[%emt 0:02:23]} Qd6 {[%emt 0:01:11]} 32. Qe3 {[%emt 0:01:27]} e5 {[%emt 0:15:43]} 33. fxe5 {[%emt 0:00:13]} Rxe5 {[%emt 0:00:02]} 34. Qd2 {[%emt 0:00:34]} Ree7 {[%emt 0:03:50]} 35. Rdf4 {[%emt 0:01:00]} Rxf4 {[%emt 0:03:20]} 36. Qxf4 {[%emt 0:00:04]} Qxf4 {[%emt 0:00:10]} 37. Rxf4 {[%emt 0:00:04]} Re2 {[%emt 0:00:28]} 38. Rf2 {[%emt 0:00:09]} Re3 {[%emt 0:01:06]} 39. Rd2 {[%emt 0:02:09]} Rxh3 {[%emt 0:02:12]} 40. Kg2 {[%emt 0:00:08]} Re3 {[%emt 0:02:14]} 41. Rxd5 {[%emt 0:02:18]} Re2+ {[%emt 0:08:12]} 42. Kf3 {[%emt 0:03:32]} Rxb2 {[%emt 0:01:04]} 43. Rd8+ {[%emt 0:01:01]} Kg7 {[%emt 0:01:55]} 44. Rd7+ {[%emt 0:00:08]} Kh6 {[%emt 0:00:12]} 45. Rxb7 {[%emt 0:00:10]} a5 {[%emt 0:00:20]} 46. Kf4 {[%emt 0:10:12]} Rf2+ {[%emt 0:00:26]} 47. Kg3 {[%emt 0:00:19]} Rb2 {[%emt 0:03:48]} 48. Kh4 {[%emt 0:03:10]} Rh2+ {[%emt 0:00:36]} 49. Kg3 {[%emt 0:00:04]} Rb2 {[%emt 0:00:56]} 1/2-1/2